000 00884nam a2200205Ii 4500
003 JO-AjNU
008 230605s9999||||xx |||||||||||||| ||und||
040 _aJO-AjNU
_bara
_erda
_cJO-AjNU
041 _aara
050 1 4 _aPJ6066.J3222 2005
100 3 _aتاليف جاب الله، علي سعد؛م.مشارك: عبد الغفار محمد الشيزاوي؛محمد جهاد جمل؛تقديم رشدي أحمد طعيمة,
_eauthor
_921620
245 0 0 _aالانشطة اللغوية أنواعها،معاييرها،استخداماتها
250 _aط1
264 3 1 _aالعين: دار الكتاب الجامعي،2005
300 _a226ص
336 _atext
_btxt
_2rdacontent
337 _aunmediated
_bn
_2rdamedia
338 _avolume
_bnc
_2rdacarrier
650 4 _aالأنشطة اللغوية-مهارات التعبير والقراءة-المناظرات
_921621
999 _aA7540
_c11108
_d11108